[Event "Titled Tuesday intern op 28th Jan Early"]
[Site "Chess.com INT"]
[Date "2025.01.28"]
[Round "11"]
[White "Karttunen, Mika"]
[Black "Lach, Aleksandra"]
[Result "1-0"]
[WhiteElo "2480"]
[BlackElo "2214"]
[PlyCount "55"]
[EventDate "2025.01.28"]
[EventType "swiss (blitz)"]
[EventRounds "11"]
[EventCountry "USA"]
[SourceTitle "CB06_2025"]
[SourceDate "2025.02.05"]
[SourceVersion "1"]
[SourceVersionDate "2025.02.05"]
[SourceQuality "1"]

1. e4 c5 2. Nf3 g6 3. d4 cxd4 4. Nxd4 Bg7 5. c4 Nc6 6. Be3 Nf6 7. Nc3 d6 8. Be2 0-0 9. 0-0 a5 10. h3 a4 11. Ndb5 Be6 12. Na3 Nd7 13. f4 f5 14. exf5 Bxf5 15. Bf3 Kh8 16. Re1 Qa5 17. Qd2 Nc5 18. g4 Be6 19. Kg2 Bg8 20. Rad1 Ne6 21. Kh1 Nxf4 22. Bxf4 Rxf4 23. Qxf4 Rf8 24. Qe3 Ne5 25. Bg2 Qb4 26. Qe2 g5 27. Nd5 e6 28. Nxb4 1-0

[Event "Titled Tuesday intern op 28th Jan Early"]
[Site "Chess.com INT"]
[Date "2025.01.28"]
[Round "5"]
[White "Karttunen, Mika"]
[Black "Sailer, Mike L"]
[Result "1-0"]
[WhiteElo "2480"]
[BlackElo "2108"]
[PlyCount "91"]
[EventDate "2025.01.28"]
[EventType "swiss (blitz)"]
[EventRounds "11"]
[EventCountry "USA"]
[SourceTitle "CB06_2025"]
[SourceDate "2025.02.05"]
[SourceVersion "1"]
[SourceVersionDate "2025.02.05"]
[SourceQuality "1"]

1. d4 d5 2. c4 Bf5 3. Nc3 e6 4. Nf3 Bb4 5. e3 Nf6 6. Qa4+ Nc6 7. Ne5 Bxc3+ 8. bxc3 0-0 9. Nxc6 bxc6 10. f3 c5 11. Ba3 Nd7 12. dxc5 Qh4+ 13. g3 Qg5 14. Kf2 Ne5 15. cxd5 exd5 16. Qf4 Qxf4 17. gxf4 Nc6 18. c4 dxc4 19. e4 Bc8 20. Bxc4 Na5 21. Be2 Rb8 22. Rab1 Be6 23. Bb4 Nc6 24. Bc3 Bxa2 25. Ra1 Be6 26. f5 Bd7 27. Rhg1 f6 28. Bc4+ Kh8 29. h4 Be8 30. h5 Bf7 31. Bxf7 Rxf7 32. h6 gxh6 33. Rh1 Ne5 34. Rxh6 Rb3 35. Bxe5 fxe5 36. Rxa7 Rb2+ 37. Ke3 Kg7 38. Rc6 Rb3+ 39. Kf2 Rb2+ 40. Kg3 h5 41. Rcxc7 Rxc7 42. Rxc7+ Kf6 43. Rc6+ Kf7 44. Rh6 Rc2 45. c6 Rc3 46. Re6 1-0